La Gestió de la cartera de productes corporativa de la Diputació de Barcelona
Descripción Física:
83 p. : taules, gràf. ; 29 cm
Colección:
Eines de gestió corporativa
MARC
| LEADER | 00000nam a2200000Ia 4500 | ||
|---|---|---|---|
| 001 | 22315 | ||
| 008 | 160829s2009 xx 000 0 cat d | ||
| 080 | |a M-6-314 | ||
| 245 | |a La Gestió de la cartera de productes corporativa de la Diputació de Barcelona | ||
| 260 | |a Barcelona : |b Diputació de Barcelona. Àrea de Presidència. Gerència, |c 2009 | ||
| 300 | |a 83 p. : |b taules, gràf. ; |c 29 cm | ||
| 490 | |a Eines de gestió corporativa | ||
| 610 | 0 | |a Barcelona (Catalunya : Província). |b Diputació |x Direcció i administració |9 53192 | |
| 650 | |a Gestió de productes |9 42116 | ||
| 710 | |a Barcelona (Catalunya : Província). |b Àrea de Presidència |9 52558 | ||
| 901 | |a Arxiu | ||
| 942 | |n 1 | ||
| 952 | |0 0 |1 0 |4 0 |6 M6314 |7 1 |9 50669 |a Arxiu |b Arxiu |d 2016-12-01 |l 0 |o M-6-314 |p 22315 |r 2016-12-01 00:00:00 |w 2016-12-01 |y ARXIU | ||
| 999 | |c 54511 |d 54511 | ||